Anagrammes de sportifs célèbres - Statistiques

Statistiques générales
  • Ce quiz a été pris 255 fois
    200 depuis la dernière actualisation
  • Le résultat moyen est 10 sur 24
Statistiques - réponses
Anagramme Sport Réponse % Correct
FORD GREER ERE Tennis Roger Federer
82%
SELIM IENSOL Football Lionel Messi
80%
IGOR WETSDO Golf Tiger Woods
77%
ISMAEL HELPPCH Natation Michael Phelps
66%
LEO DAIMHAM Boxe Mohamed Ali
60%
KAT REN BOBY Basketball Kobe Bryant
58%
AUDE NORA UMALU Natation Laure Manaudou
57%
SAMI RENE SALLIW Tennis Serena Williams
54%
ARMANDO AGIEDO Football Diego Maradona
52%
CRAMER LANGSTON Cyclisme Lance Armstrong
49%
DORA NOLINH Football Ronaldinho
47%
LINA TSOUB Athlétisme Usain Bolt
36%
SANSONE ILTIORV Moto GP Valentino Rossi
36%
HACENE SATSIBLAB Rugby Sebastien Chabal
34%
LORIS ANTAP F1 Alain Prost
30%
OMAR PARAVISAAH Tennis Maria Sharapova
29%
LINE GEANONJO Cyclisme Jeannie Longo
27%
ABBIE SERUGK Athlétisme Sergei Bubka
24%
RYAN ROTEPK Basketball Tony Parker
23%
ADAM NOE CAINIC Gymnastique Nadia Comaneci
19%
SARA MESPEPT Tennis Pete Sampras
14%
AGNES RATEP Cyclisme Peter Sagan
13%
BERT HABU Baseball Babe Ruth
8%
RENE JORNABB Football Arjen Robben
6%
Aucun quiz correspondant
Distribution des résultats
% des personnes avec chaque résultat
Percentile par nombre de réponses
Votre historique - résultats
Vous n’avez pas pris ce quiz depuis la dernière actualisation